书目信息 |
| 题名: |
测绘地理信息智能应用实践
|
|
| 作者: | 速云中 , 张倩斯 , 侯林锋 , 钟金明 编著 | |
| 分册: | ||
| 出版信息: | 北京 测绘出版社 2023.03 |
|
| 页数: | 121页 | |
| 开本: | 26cm | |
| 丛书名: | 测绘地理信息“岗课赛证”融通系列教材 | |
| 单 册: | ||
| 中图分类: | P208.2 | |
| 科图分类: | ||
| 主题词: | 测绘--ce hui--地理信息系统--教材 | |
| 电子资源: | ||
| ISBN: | 978-7-5030-4457-1 | |
| 000 | 01628nam 2200325 450 | |
| 001 | 66239 | |
| 005 | 20250912111214.36 | |
| 010 | @a978-7-5030-4457-1@dCNY35.00 | |
| 100 | @a20230902d2023 em y0chiy50 ea | |
| 101 | 0 | @achi |
| 102 | @aCN@b110000 | |
| 105 | @aa a 000yy | |
| 106 | @ar | |
| 200 | 1 | @a测绘地理信息智能应用实践@Ace hui di li xin xi zhi neng ying yong shi jian@d= Practice of intelligent geomatics application@f速云中 ... [等] 编著@zeng |
| 210 | @a北京@c测绘出版社@d2023.03 | |
| 215 | @a121页@c图@d26cm | |
| 225 | 2 | @a测绘地理信息“岗课赛证”融通系列教材@Ace hui di li xin xi “ gang ke sai zheng ” rong tong xi lie jiao cai |
| 304 | @a题名页题其余责任者: 张倩斯, 侯林锋, 钟金明 | |
| 320 | @a有书目 | |
| 330 | @a本书重点介绍了测绘地理信息行业应用案例和业务流程, 融理论与实践于一体, 以理论带动实践, 以实践检验理论。全书共分为八个章节, 通过理论介绍结合项目实例解析, 讲解测绘地理信息领域的最新业务方向及相关应用。八个章节包括大比例尺地形图数据更新与建库应用实例、工程测量应用实例、GNSS在变形监测中的应用、无人机在自然资源普查中的应用实例、三维激光在高精度电子地图生产中的应用实例、激光雷达在电力巡线中的应用、建筑信息模型 (BIM) 应用、城市信息模型 (CIM) 应用。 | |
| 410 | 0 | @12001 @a测绘地理信息“岗课赛证”融通系列教材 |
| 510 | 1 | @aPractice of intelligent geomatics application@zeng |
| 606 | 0 | @a测绘@Ace hui@x地理信息系统@j教材 |
| 690 | @aP208.2@v5 | |
| 701 | 0 | @a速云中@Asu yun zhong@4编著 |
| 701 | 0 | @a张倩斯@Azhang qian si@4编著 |
| 701 | 0 | @a侯林锋@Ahou lin feng@4编著 |
| 701 | 0 | @a钟金明@Azhong jin ming@4编著 |
| 801 | 0 | @aCN@c20250909 |
| 905 | @a河南城建学院图书馆@dP208.2@eS873 | |
| 测绘地理信息智能应用实践= Practice of intelligent geomatics application/速云中 ... [等] 编著.-北京:测绘出版社,2023.03 |
| 121页:图;26cm.-(测绘地理信息“岗课赛证”融通系列教材) |
| ISBN 978-7-5030-4457-1:CNY35.00 |
| 本书重点介绍了测绘地理信息行业应用案例和业务流程, 融理论与实践于一体, 以理论带动实践, 以实践检验理论。全书共分为八个章节, 通过理论介绍结合项目实例解析, 讲解测绘地理信息领域的最新业务方向及相关应用。八个章节包括大比例尺地形图数据更新与建库应用实例、工程测量应用实例、GNSS在变形监测中的应用、无人机在自然资源普查中的应用实例、三维激光在高精度电子地图生产中的应用实例、激光雷达在电力巡线中的应用、建筑信息模型 (BIM) 应用、城市信息模型 (CIM) 应用。 |
| ● |
| 相关链接 |
|
|
|
正题名:测绘地理信息智能应用实践
索取号:P208.2/S873
 
预约/预借
| 序号 | 登录号 | 条形码 | 馆藏地/架位号 | 状态 | 备注 |
| 1 | 1630665 | 216306655 | 自科库401/401自科库 118排2列4层/ [索取号:P208.2/S873] | 在馆 |